Buildings within 3m of a sewer may have to be realigned (Record no. 76541)
[ view plain ]
| 000 -LEADER | |
|---|---|
| fixed length control field | 00938cab a2200193 4500 |
| 001 - CONTROL NUMBER | |
| control field | ##L132638 |
| 008 - FIXED-LENGTH DATA ELEMENTS--GENERAL INFORMATION | |
| fixed length control field | 060227n2006 000 0 eng u |
| 035 ## - SYSTEM CONTROL NUMBER | |
| System control number | (Sirsi) u132638 |
| 041 0# - LANGUAGE CODE | |
| Language code of text/sound track or separate title | eng |
| 100 1# - MAIN ENTRY--PERSONAL NAME | |
| Personal name | Williams, Austin |
| 245 00 - TITLE STATEMENT | |
| Title | Buildings within 3m of a sewer may have to be realigned |
| 260 ## - PUBLICATION, DISTRIBUTION, ETC. | |
| Date of publication, distribution, etc. | 2006 |
| 490 #0 - SERIES STATEMENT | |
| Series statement | Architects' Journal |
| Volume/sequential designation | 223(5) 9 February 2006, 40-41(2) |
| 520 ## - SUMMARY, ETC. | |
| Summary, etc. | Building regulations provide that any construction, extension or underpinning of a building over or within 3m of an existing sewer or drain need to comply with rules on imposed loads and access. This article looks at the technical and financial problems encountered by purchasers of a property who found that a small extension they wished to build fell foul of these regulations. |
| 590 ## - LOCAL NOTE (RLIN) | |
| Local note | IKA280206 |
| 650 24 - SUBJECT ADDED ENTRY--TOPICAL TERM | |
| Topical term or geographic name entry element | BUILDING REGULATIONS 2000 APPROVED DOCUMENT H (2002 EDITION) |
| 690 ## - LOCAL SUBJECT ADDED ENTRY--TOPICAL TERM (OCLC, RLIN) | |
| Topical term or geographic name as entry element | Building regulations |
| 9 (RLIN) | 6224 |
| 942 ## - ADDED ENTRY ELEMENTS (KOHA) | |
| Suppress in OPAC | 0 |
| Withdrawn status | Lost status | Source of classification or shelving scheme | Damaged status | Not for loan | Home library | Current library | Shelving location | Date acquired | Total Checkouts | Full call number | Barcode | Date last seen | Copy number | Price effective from | Koha item type |
|---|---|---|---|---|---|---|---|---|---|---|---|---|---|---|---|
| Dewey Decimal Classification | London | London | Journal article | 28/02/2006 | L132638 | 132638-1001 | 06/08/2019 | 1 | 06/08/2019 | Journal article |